LIBRARY & INFORMATION CENTRE, KCAET, TAVANUR

ONLINE PUBLIC ACCESS CATALOGUE (OPAC)

Development and testing of a pepper harvester (Record no. 14953)

MARC details
000 -LEADER
fixed length control field 00629nam a22001817a 4500
003 - CONTROL NUMBER IDENTIFIER
control field OSt
088 ## - REPORT NUMBER
Report number P 220
100 ## - MAIN ENTRY--AUTHOR NAME
Personal name DEEPA K.P
-- NISHANTH M. STANLY
-- RAJEESH V.K
245 ## - TITLE STATEMENT
Title Development and testing of a pepper harvester
260 ## - PUBLICATION, DISTRIBUTION, ETC. (IMPRINT)
Place of publication Tavanur 2010
Name of publisher Kelappaji College of Agricultural Engineering and Technology
300 ## - PHYSICAL DESCRIPTION
Number of Pages 32
500 ## - GENERAL NOTE
General note Development and testing of a pepper harvester
520 ## - SUMMARY, ETC.
Summary, etc Development and testing of a pepper harvester
700 ## - ADDED ENTRY--PERSONAL NAME
Personal name Dr. Jayan P.R (Guide)
856 ## - ELECTRONIC LOCATION AND ACCESS
Uniform Resource Identifier https://drive.google.com/open?id=1VUqOtcud_D6wLCLuOdQJ-dEmzznCV5Nh
942 ## - ADDED ENTRY ELEMENTS (KOHA)
Koha item type Project Report
Holdings
Collection code Home library Current library Shelving location Full call number Accession Number Koha item type
Reference KAUAET KAUAET Reference 631.3 DEE/DE P 220 Project Report
free website counter